logo

HISTORIAS DEL COMERCIO MURCIANO | TRANMISIONES DE LA INFANTERIA LAS (Record no. 27829)

MARC details
000 -CABECERA
campo de control de longitud fija 00809nam a2200313Ia 4500
001 - NÚMERO DE CONTROL
campo de control 13767
005 - FECHA Y HORA DE LA ÚLTIMA TRANSACCIÓN
campo de control 20260407082547.0
008 - CÓDIGOS DE INFORMACIÓN DE LONGITUD FIJA
campo de control de longitud fija 260115s9999 xx 000 0 und d
010 ## - NÚMERO DE CONTROL DE LA BIBLIOTECA DEL CONGRESO
Número de control de LC 27829
035 ## - NÚMERO DE CONTROL DEL SISTEMA
Número de control de sistema 9819
090 ## - LOCALMENTE ASIGNADO TIPO-LC NÚMERO DE CLASIFICACIÓN (OCLC); NÚMERO DE CLASIFICACIÓN LOCAL (RLIN)
Número de clasificación (OCLC) (R) ; Numero de clasificación CALL (RLIN) (NR) 33
001 - NÚMERO DE CONTROL
campo de control 1344
008 - CÓDIGOS DE INFORMACIÓN DE LONGITUD FIJA
campo de control de longitud fija 260115s9999 xx 000 0 und d
035 ## - NÚMERO DE CONTROL DEL SISTEMA
Número de control de sistema 1822
090 ## - LOCALMENTE ASIGNADO TIPO-LC NÚMERO DE CLASIFICACIÓN (OCLC); NÚMERO DE CLASIFICACIÓN LOCAL (RLIN)
Número de clasificación (OCLC) (R) ; Numero de clasificación CALL (RLIN) (NR) 358.2
100 ## - PUNTO DE ACCESO PRINCIPAL - NOMBRE DE PERSONA
Nombre de persona ALONSO NAVARRO SERAFIN
100 ## - PUNTO DE ACCESO PRINCIPAL - NOMBRE DE PERSONA
Nombre de persona ANDRADE IGLESIAS FRANCISCO
245 #0 - MENCIÓN DE TÍTULO
Título HISTORIAS DEL COMERCIO MURCIANO
260 ## - PUBLICACIÓN, DISTRIBUCIÓN, ETC. (PIE DE IMPRENTA)
Lugar de publicación distribución etc. MURCIA
Nombre del editor distribuidor etc. AUTOR
Fecha de publicación distribución etc. 1978
245 #0 - MENCIÓN DE TÍTULO
Título TRANMISIONES DE LA INFANTERIA LAS
260 ## - PUBLICACIÓN, DISTRIBUCIÓN, ETC. (PIE DE IMPRENTA)
Lugar de publicación distribución etc. GRANADA
Nombre del editor distribuidor etc. AUTOR
Fecha de publicación distribución etc. 1942
300 ## - DESCRIPCIÓN FÍSICA
Dimensiones 21 CM
300 ## - DESCRIPCIÓN FÍSICA
Dimensiones 21 CM
630 ## - PUNTO DE ACCESO ADICIONAL DE MATERIA--TÍTULO UNIFORME
Título uniforme ECONOMIA POLITICA
650 ## - PUNTO DE ACCESO ADICIONAL DE MATERIA--TÉRMINO DE MATERIA
Término de materia o nombre geográfico como elemento inicial ECONOMIA
630 ## - PUNTO DE ACCESO ADICIONAL DE MATERIA--TÍTULO UNIFORME
Título uniforme ADMINISTRACION PUBLICA Y MILITAR
650 ## - PUNTO DE ACCESO ADICIONAL DE MATERIA--TÉRMINO DE MATERIA
Término de materia o nombre geográfico como elemento inicial INGENIEROS COMUNICACIONES TRANSPORTES
942 ## - ELEMENTOS DE PUNTO DE ACCESO ADICIONAL (KOHA)
Tipo de ítem Koha Monografías
Holdings
Estado de retiro Estado de pérdida Estado dañado No para préstamo Código de colección Localización permanente Ubicación/localización actual Fecha de adquisición Total de préstamos Signatura topográfica completa Código de barras Fecha visto por última vez Número de copia Precio válido a partir de Tipo de ítem Koha Nota pública
          Servicio de Estudios Históricos Servicio de Estudios Históricos 01/12/2012   33 13006 05/02/2026 1 05/02/2026 Monografías 21 CMT, 144 PG, MURCIA